Design Engineer's Case Studies and Examples /

The Engineering Council (UK) have reported an encouraging increase in the applications for Engineering Technician (Eng. Tech) registration, both from applicants following a work-based learning program and individuals without formal qualifications but who have verifiable competence through substantia...

Full description

Bibliographic Details
Main Author: Richards, Keith (Author)
Corporate Author: Safari, an O'Reilly Media Company
Format: eBook
Language:English
Published: CRC Press, 2013.
Edition:1st edition.
Subjects:
Online Access:Connect to this electronic resource

MARC

Tag First Indicator Second Indicator Subfields
LEADER 00000cam a2200000 a 4500
001 in00004100291
005 20260122222300.3
006 m o d
007 cr cn
008 041114s2013 xx o eng
020 |z 9781466592827 
020 |z 9781466592803 
020 |z 146659280X 
020 |z 9781138440159 
020 |z 1138440159 
035 |a (CaSebORM)9781466592803 
040 |d UtOrBLW 
041 0 |a eng 
100 1 |a Richards, Keith,  |e author.  |0 http://id.loc.gov/authorities/names/n94076564 
245 1 0 |a Design Engineer's Case Studies and Examples /  |c Richards, Keith. 
250 |a 1st edition. 
264 1 |b CRC Press,  |c 2013. 
300 |a 1 online resource (175 pages) 
336 |a text  |b txt  |2 rdacontent 
337 |a computer  |b c  |2 rdamedia 
338 |a online resource  |b cr  |2 rdacarrier 
347 |a text file 
520 |a The Engineering Council (UK) have reported an encouraging increase in the applications for Engineering Technician (Eng. Tech) registration, both from applicants following a work-based learning program and individuals without formal qualifications but who have verifiable competence through substantial working experiences and self-study. Design Engineer's Case Studies and Examples has been written for these young engineers. The contents have been selected on typical subjects that developing engineers may be expected to cover in their professional career and gives solutions to typical problems that may arise in mechanical design. The subjects covered include the following: Introduction to stress calculations Basic shaft design Beams under bending Keys and spline strength calculations Columns and struts Gears Material selection Conversions and general tables 
533 |a Electronic reproduction.  |b Boston, MA :  |c Safari,  |n Available via World Wide Web.  |d 2014. 
538 |a Mode of access: World Wide Web. 
542 |f Copyright © CRC Press 2014  |g 2014 
588 |a Online resource; Title from title page (viewed November 15, 2013) 
500 |a Electronic resource. 
655 7 |a Electronic books.  |2 local 
710 2 |a Safari, an O'Reilly Media Company. 
856 4 0 |u https://proxy.library.tamu.edu/login?url=https://go.oreilly.com/TAMU/library/view/-/9781466592803/?ar  |z Connect to this electronic resource  |t 0 
999 f f |s 3d3b72f7-f09e-3461-90de-e2fb9c2a4730  |i 4380557b-4675-3a6f-98ff-42414bfc179b  |t 0 
952 f f |a Texas A&M University  |b College Station  |c Electronic Resources  |s www_evans  |d Available Online  |t 0  |h No information provided 
998 f f |t 0  |l Available Online